<?xml version="1.0" encoding="UTF-8"?>
<marc:record xmlns:marc="http://www.loc.gov/MARC21/slim">
   <marc:leader>00000nam a2200000 a 4500</marc:leader>
   <marc:datafield ind1="1" ind2=" " tag="100">
      <marc:subfield code="a">Niffenegger, Audrey</marc:subfield>
      <marc:subfield code="4">aut</marc:subfield>
      <marc:subfield code="e">Verfasser/-in</marc:subfield>
   </marc:datafield>
   <marc:datafield ind1="1" ind2=" " tag="100">
      <marc:subfield code="a">Jakobeit, Brigitte</marc:subfield>
      <marc:subfield code="4">trl</marc:subfield>
      <marc:subfield code="e">Übersetzer/-in</marc:subfield>
   </marc:datafield>
   <marc:datafield ind1="1" ind2=" " tag="100">
      <marc:subfield code="a">Niffenegger, Audrey</marc:subfield>
   </marc:datafield>
   <marc:datafield ind1=" " ind2=" " tag="653">
      <marc:subfield code="a">Grab</marc:subfield>
   </marc:datafield>
   <marc:datafield ind1=" " ind2=" " tag="653">
      <marc:subfield code="a">Junge Frau</marc:subfield>
   </marc:datafield>
   <marc:datafield ind1=" " ind2=" " tag="653">
      <marc:subfield code="a">Geister</marc:subfield>
   </marc:datafield>
   <marc:datafield ind1=" " ind2=" " tag="653">
      <marc:subfield code="a">Einflussnahme</marc:subfield>
   </marc:datafield>
   <marc:datafield ind1=" " ind2=" " tag="653">
      <marc:subfield code="a">Fiktionale Darstellung</marc:subfield>
   </marc:datafield>
   <marc:datafield ind1=" " ind2=" " tag="653">
      <marc:subfield code="a">Belletristische Darstellung</marc:subfield>
   </marc:datafield>
   <marc:datafield ind1="0" ind2="0" tag="245">
      <marc:subfield code="a">Die Zwillinge von Highgate</marc:subfield>
   </marc:datafield>
   <marc:datafield ind1="0" ind2="0" tag="245">
      <marc:subfield code="b">eine unheimliche Liebesgeschichte ; Roman</marc:subfield>
   </marc:datafield>
   <marc:datafield ind1="0" ind2="0" tag="245">
      <marc:subfield code="c">Audrey Niffenegger. Aus dem Amerikan. von Brigitte Jakobeit</marc:subfield>
   </marc:datafield>
   <marc:datafield ind1=" " ind2="1" tag="264">
      <marc:subfield code="a">Frankfurt, M.</marc:subfield>
      <marc:subfield code="b">Fischer-Taschenbuch-Verl.</marc:subfield>
      <marc:subfield code="c">2011</marc:subfield>
   </marc:datafield>
   <marc:datafield ind1="1" ind2=" " tag="490">
      <marc:subfield code="a">Fischer</marc:subfield>
      <marc:subfield code="v">18175</marc:subfield>
   </marc:datafield>
   <marc:datafield ind1="1" ind2=" " tag="520">
      <marc:subfield code="a">Angaben aus der Verlagsmeldung

Die Zwillinge von Highgate : Ein unheimliche Liebesgeschichte Her fearful symmetry / von Audrey Niffenegger

Elspeth war Roberts große Liebe. Jetzt liegt sie auf Highgate, dem romantisch verwildertem Friedhof Londons. Doch Elspeth scheint lebendiger als je zuvor, denn die Erinnerungen sind stärker als der Tod. Robert riecht sie, spürt sie, spricht mit ihr. Es ist als lebe sie weiter und als sei ihr Tod nur ein böser Traum. Alle, die ihr nahestanden, geraten in ihren Bann. Bis ihre Nichten, die Zwillinge Valentina und Julia eine fatale Wette mit ihr eingehen. Vor der Kulisse des pulsierenden Londons erzählt Audrey Niffenegger aufwühlend, in zarten und manchmal dunklen Tönen, von der unstillbaren Sehnsucht, dem anderen ewig nahe zu sein. »Die Zwillinge von Highgate« ist Audrey Niffeneggers zweiter Roman und von noch größerer emotionaler Intensität wie ihr Weltbestseller »Die Frau des Zeitreisenden«.
</marc:subfield>
   </marc:datafield>
   <marc:datafield ind1=" " ind2=" " tag="020">
      <marc:subfield code="a">9783596181759</marc:subfield>
      <marc:subfield code="9">9783596181759</marc:subfield>
   </marc:datafield>
   <marc:datafield ind1=" " ind2=" " tag="020">
      <marc:subfield code="a">3596181755</marc:subfield>
      <marc:subfield code="9">3596181755</marc:subfield>
   </marc:datafield>
   <marc:datafield ind1=" " ind2=" " tag="300">
      <marc:subfield code="a">462 S.</marc:subfield>
   </marc:datafield>
</marc:record>
